000
00432nam a2200133Ia 4500
008
100328s9999 xx 000 0 und d
082
_b
20928
100
_a
ढेरे रा.चि.-संपा.
245
_a
हरिवरदा खंड 4था
260
_b
कोपर्डेकर द.र.
630
_a
हरिवरदा खंड 4था
730
_a
हरिवरदा खंड 4था
942
_c
BOOK
999
_c
514996
_d
514993